Szczegóły MARC21

Mikroekonometria : analizy, diagnozy, prognozy /

003 -Nazwa inst., której nr kontr. jest w polu 001 [,]
    • @
    • Nazwa instytucji, której n kontrolny jest w polu 001
    • NUKAT
005 -DATA I CZAS OSTATNIEJ MODYFIKACJI [,]
    • @
    • pole kontrolne
    • 20251007140505.0
020 -Międzynarod. znormalizowany nr książki - ISBN [ , ]
    • a
    • Numer ISBN
    • 8320809118 Find
040 -Instytucja sporządzająca opis [ , ]
    • a
    • Instytucja, która sporządziła opis (NP)
    • LUBL M/KW
    • c
    • Instytucja, która sporządziła rekord (NP)
    • LUBL M/KW
    • d
    • Instytucja, która zmodyfikowała rekord (P)
    • LUBL M/IK
    • d
    • Instytucja, która zmodyfikowała rekord (P)
    • Ł U/JOs
942 -Rodzaj dokumentu [ , ]
    • c
    • Rodzaj dokumentu
    • Książka
100 -Hasło główne - nazwa osobowa [1, ]
    • a
    • Nazwa osobowa (NP)
    • Hozer, Józef
    • d
    • Daty biograficzne (NP)
    • (1948-2023).
    • 9
    • KHW
    • 7277
245 -Strefa tytułu i oznaczenia odpowiedzialności [1,0]
    • a
    • Tytuł
    • Mikroekonometria : Find
    • b
    • Ciąg dalszy tytułu (NP)
    • analizy, diagnozy, prognozy / Find
    • c
    • Pozostałe elementy strefy tytułu i oznaczenia odpowiedzialności (NP)
    • Józef Hozer.
260 -Strefa adresu wydawniczego [ , ]
    • a
    • Miejsce wydania (P)
    • Warszawa :
    • b
    • Nazwa wydawcy (P)
    • Państwowe Wydawnictwo Ekonomiczne,
    • c
    • Data wydania (P)
    • 1993.
300 -Strefa opisu fizycznego [ , ]
    • a
    • Określenie formy książki i/lub objętość (NP)
    • 182, [2] s. :
    • b
    • Oznaczenie ilustracji (NP)
    • il. ;
    • c
    • Format (NP)
    • 24 cm.
336 -Typ zawartości [ , ]
    • a
    • Termin opisujący typ zawartości
    • Tekst
    • b
    • Kod określający zawartość
    • txt
    • 2
    • Źródło (terminu i kodu)
    • rdacontent
337 -Typ mediów [ , ]
    • a
    • Tryb odtwarzania
    • Bez urządzenia pośredniczącego
    • b
    • Kod typu mediów
    • n
    • 2
    • Źródło (terminu i kodu)
    • rdamedia
338 -Typ/rodzaj nośnika [ , ]
    • a
    • Hasło opisujące typ nośnika
    • Wolumin
    • b
    • Kod typu nośnika
    • nc
    • 2
    • Źródło (terminu i kodu)
    • rdacarrier
504 -Uwaga dot. bibliogr. załącznikowej [ , ]
    • a
    • Uwaga dot. bibliografii załącznikowej
    • Bibliogr. s. 180-[183].
080 -Uniwersalna Klasyfikacja Dziesiętna [ , ]
    • a
    • Symbol klasyfikacji
    • 330.101.542
    • 2
    • Identyfikator wydania tablic
    • UDC-P058
    • 9
    • UKD
    • 2947
    • b
    • Dopowiedzenie
    • Mikroekonomia.
080 -Uniwersalna Klasyfikacja Dziesiętna [ , ]
    • a
    • Symbol klasyfikacji
    • 330.43
    • 2
    • Identyfikator wydania tablic
    • UDC-P058
    • 9
    • UKD
    • 2972
    • b
    • Dopowiedzenie
    • Ekonometria.
650 -Hasło przedmiotowe [ ,7]
    • a
    • Hasło przedmiotowe
    • Modele ekonometryczne.
    • 2
    • Źródło terminu
    • kaba
    • 9
    • KHW
    • 119721
980 -Symbol UKD [ , ]
    • a
    • UKD
    • 330.101.542:330.43
710 -Hasło dodatkowe - nazwa ciała zbiorowego [2, ]
    • a
    • Nazwa ciała zbiorowego lub nazwa geograficzna jako pierwszy element (NP)
    • Państwowe Wydawnictwo Ekonomiczne.
    • 4
    • Kod relacji
    • pbl
    • 9
    • KHW
    • 56286
920 -ISBN [ , ]
    • a
    • ISBN
    • 83-208-0911-8 Find
Lokalizacja Data inwentaryzacji Status udost. Sygnatura Numer inwentarzowy
BE1994-10-11-2 E.61839
BE1994-10-112 S.75644
BE1994-10-112 S.75645
BE1994-10-112 S.75646
BE1994-10-112 S.75647
BE1994-10-112 S.75648
BE1994-10-112 S.75649
BE1994-10-112 S.75650
BE1994-10-112 S.75651
BE1994-10-112 S.75652
BE1994-10-112 S.75653
BE1994-10-11-3 S.75654
BE1994-10-11-3 S.75655
BE1994-10-112 S.75656
BE1994-10-112 S.75657
BE1994-10-112 S.75658
BE1994-10-112 S.75659
BE1994-10-112 S.75660
BG1994-10-11-3W.180947W.180947
BG1994-10-11-3W.180947W.180948
BG1994-10-11-3W.180947W.180949
BG1994-10-11-3W.180947W.180950
BG1994-10-11-3W.180947W.180951
BG2004-11-171Matematyka finansowaN.18561
T1994-10-11-3 TS.75661